000 00398nam a2200169Ia 4500
008 220216s9999 xx 000 0 und d
100 _aEvan Jones F
245 0 _aRubber in building
260 _bRubber Developments
_c1952
300 _a83-90
650 _aLatex foam
650 _aRubber
650 _aRubber building
650 _aRubber floors
650 _aSound proofing
942 _cJS
999 _c67659
_d67659